000 00306nas a2200121Ia 4500
008 150201s2010 xx 000 0 und d
245 _aIndian Journal of Otolaryngology and Head & Neck Surgery
260 _c2010
310 _aQuaterly
500 _aNATIONAL
650 _aGeneral Surgery
942 _2ddc
_cLJ
999 _c6191
_d6191